Multiple Choice City Quiz – Belfast - Statistics

General Stats
  • This quiz has been taken 205 times
  • The average score is 7 of 10
Answer Stats
Question Answer % Correct
Which famously-sunken ship was built in Belfast? Titanic
95%
Belfast was bombed by Germans during which war? WWII
87%
Belfast City Airport is named after which footballer? George Best
84%
What is Belfast's most famous university called? Queen's University
77%
What colour are Belfast's famous cranes Samson and Goliath? Yellow
62%
Which river flows through the city? Lagan
61%
Which of these does Belfast have NO ferry route to? Wales
58%
The Cathedral Quarter is named for which cathedral? St. Anne's
52%
Which club has won the most domestic league titles in world football? Linfield
48%
Belfast Lough is which direction from the city centre? North-East
32%
No matching quizzes found
Score Distribution
Percent of People with Each Score
Percentile by Number Answered
Your Score History
You have not taken this quiz